Projektový manažment
Projektové riadenie-project management- ako výrazný akceleračný faktor rozvoja ekonomiky vyspelých štátov. Súčasný stav využívania projektového manažmentu na Slovensku. Nástroje pre podporu návrhu riadenia projektov. Efektívnosť využitia projektového riadenia.
Na minha lista:
| Autor principal: | |
|---|---|
| Formato: | Capítulo de Livro |
| Idioma: | eslovaco |
| Assuntos: | |
| Tags: |
Sem tags, seja o primeiro a adicionar uma tag!
|
MARC
| LEADER | 00000naa$a2200000$$$4500 | ||
|---|---|---|---|
| 001 | 0052250 | ||
| 005 | 20231013084248.5 | ||
| 041 | 0 | |a slo | |
| 044 | |a SK | ||
| 245 | 1 | 0 | |a Projektový manažment |c Peter Ončák |
| 520 | |a Projektové riadenie-project management- ako výrazný akceleračný faktor rozvoja ekonomiky vyspelých štátov. Súčasný stav využívania projektového manažmentu na Slovensku. Nástroje pre podporu návrhu riadenia projektov. Efektívnosť využitia projektového riadenia. | ||
| 610 | 2 | 0 | |a riadenie projektové |
| 610 | 2 | 0 | |a krajiny vyspelé |
| 610 | 2 | 0 | |a Slovensko |
| 610 | 2 | 0 | |a projekty |
| 610 | 2 | 0 | |a efektívnosť |
| 610 | 2 | 0 | |a riadenie podnikové |
| 100 | 1 | |a Ončák, Peter | |